| 000 | 00637 a2200193 4500 | ||
|---|---|---|---|
| 010 | _aENG-85525 | ||
| 020 |
_c300.00 _a28 |
||
| 035 | _aEN-69058 | ||
| 037 | _bD.B.Act / Pub | ||
| 082 | 1 | 4 | _a808.88 |
| 090 |
_c2875 _d2875 |
||
| 245 | 1 |
_aArignar Anna's essays editorials epistles & satires _ccompiled and edited by M. S. Venkatachalam and M. Natrajan |
|
| 260 |
_aChennai _bTamil Arasi Publications _c2005 |
||
| 300 |
_a663 p. _c22 cm (Pbk.) |
||
| 700 | 1 | _aVenkatachalam, M. S. | |
| 710 | 1 | _aNatrajan, M. | |
| 942 |
_adp _cEN _k808.88 / ARI |
||
| 999 |
_c2820 _d2820 |
||